000 01876cam a22005894i 4500
003 PE-LiUPU
005 20250731170455.0
008 150706s2002 mx a rb 000 0 spa d
035 _a(Sirsi) a51801
040 _aPE-LiUPU
_bspa
_cPE-LiUPU
_erda
049 _aPRUA
082 0 4 _a155.4
_bF83
_221
100 1 _aFrías Sánchez, Carolina,
_eautor.
245 1 0 _aGuía para estimular el desarrollo infantil :
_bde los 3 a los 6 años de edad /
_cCarolina Frías Sánchez.
264 1 _aMéxico :
_bTrillas,
_c2002.
300 _a148 páginas :
_bilustraciones ;
_c23 centímentros
336 _atext
_2rdacontent
337 _aunmediated
_2rdamedia
338 _avolume
_2rdacarrier
504 _aIncluye bibliografís.
505 0 _aLa edad de tres a cuatro años -- Edad cuatro a cinco años -- Edad de cinco a seis años.
526 _aSEG68
526 _aSEG70
526 _aSEG69
526 _aSEG67
526 _aSEG43
526 _aP144
526 _aP143
526 _aP131
526 _aP122
526 _aP120
526 _aP117
526 _aP112
526 _aP110
526 _aP106
526 _aP101
526 _aP80
526 _aP59
526 _aP54
526 _aP35
526 _aP33
526 _aP30
541 _g045-0004386;
650 0 4 _aDesarrollo del niño.
650 0 4 _aPsicología infantil.
910 _agl20121213
942 _2ddc
_cBOOK
949 _a155.4 F83
_wDEWEY
_c1
_i65998
_lCCODEBUL1
_mBUL
_p13.00
_r0
_sY
_tLIBRO
_u2015-07-06
_xSALUD
_PP33
_o.STAFF. Colección General
994 _aC0
_bPEPRU
596 _a1
999 _a155.4 F83
_wDEWEY
_c54364
_i65998
_d54364
_e2019-4-17
_f2021-11-3
_g5
_lCCODEBUL1
_mBUL
_n6
_p13.00
_q4
_r0
_sY
_tBOOK
_u2015-7-6
_xSALUD
_PP33
_0COMPRA
_o.STAFF. Colección Ciencias de la Salud
980 _81
_gALBERTO SANCHEZ Responsable de Automatización